[Event "Pavlodar Open 2016"]
[Site "Pavlodar, "]
[Date "2016.11.21"]
[Round "1"]
[White "Zubarev, Alexander"]
[Black "Skurygin, Grigoriy"]
[Result "1-0"]
[WhiteElo "2508"]
[BlackElo "2045"]
[PlyCount "67"]
[EventDate "2017.??.??"]

1. d4 d5 2. c4 c6 3. Nc3 Nf6 4. e3 e6 5. Nf3 Nbd7 6. Qc2 Bd6 7. g4 dxc4 8. g5
Nd5 9. Bxc4 N7b6 10. Be2 Bd7 11. Ne4 Be7 12. Rg1 Qc7 13. Bd2 O-O-O 14. Nc5 Kb8
15. a4 Bc8 16. Nd3 Bd6 17. a5 Nd7 18. e4 Rde8 19. exd5 exd5 20. Be3 Re7 21. b4
Rhe8 22. Kd2 Ka8 23. a6 b6 24. Rgc1 Nb8 25. Nfe5 Bxe5 26. Nxe5 Rxe5 27. dxe5
Qxe5 28. Qc3 Qe7 29. Qd4 Qe6 30. Bf3 Rd8 31. Bf4 Nxa6 32. b5 Nc5 33. Rxc5 bxc5
34. Qxc5 1-0

[Event "Pavlodar Open 2016"]
[Site "Pavlodar, "]
[Date "2016.11.26"]
[Round "7"]
[White "Zubarev, Alexander"]
[Black "Kostenko, Petr"]
[Result "1-0"]
[WhiteElo "2508"]
[BlackElo "2465"]
[PlyCount "109"]
[EventDate "2017.??.??"]

1. d4 e6 2. c4 f5 3. Nc3 Nf6 4. e3 b6 5. Bd3 Bb7 6. f3 g6 7. Nge2 c5 8. O-O Nc6
9. a3 Bg7 10. Rb1 O-O 11. b4 Rb8 12. Na4 cxd4 13. exd4 Kh8 14. Nac3 Ba8 15. Be3
Qe7 16. Qd2 Rbd8 17. Bg5 Rg8 18. Rfe1 Qf8 19. d5 Ne5 20. Nf4 Nxd3 21. Qxd3 Qf7
22. Nb5 exd5 23. Nd6 Qf8 24. c5 Rb8 25. Rbd1 bxc5 26. bxc5 Bc6 27. Rd2 a5 28.
Qe3 a4 29. Qf2 Ne4 30. Nxg6+ hxg6 31. Qh4+ Bh6 32. Bxh6 Rg7 33. Bxg7+ Kxg7 34.
fxe4 dxe4 35. Nc4 Qxc5+ 36. Ne3 Rb3 37. Qf4 Rxa3 38. h4 Rd3 39. Rf2 a3 40. Qg5
Rxe3 41. Rxe3 d5 42. Rg3 Be8 43. Qxf5 a2 44. Qf6+ Kg8 45. Qe6+ Kh7 46. Qxe8
a1=Q+ 47. Kh2 Qd6 48. Rf7+ Kh6 49. Qg8 Qxg3+ 50. Kxg3 Qe1+ 51. Kh2 Qxh4+ 52.
Kg1 Qe1+ 53. Rf1 Qe3+ 54. Kh2 d4 55. Rf6 1-0

[Event "Pavlodar Open 2016"]
[Site "Pavlodar, "]
[Date "2016.11.22"]
[Round "3"]
[White "Zubarev, Alexander"]
[Black "Egorov, Evgeny"]
[Result "1-0"]
[WhiteElo "2508"]
[BlackElo "2361"]
[PlyCount "53"]
[EventDate "2017.??.??"]

1. d4 d5 2. Nf3 Nf6 3. c4 c6 4. Qb3 dxc4 5. Qxc4 Bg4 6. Nc3 Nbd7 7. e4 Bxf3 8.
gxf3 e5 9. dxe5 Nxe5 10. Qe2 Bb4 11. f4 Ng6 12. f5 Ne5 13. Bd2 Qa5 14. f4 O-O-O
15. fxe5 Rxd2 16. Kxd2 Bxc3+ 17. bxc3 Rd8+ 18. Kc2 Qa4+ 19. Kb2 Nxe4 20. f6 Kc7
21. e6 c5 22. Rc1 Rd6 23. Rc2 Rxe6 24. fxg7 Qe8 25. Qe3 Nf6 26. Qf4+ Kb6 27.
Bc4 1-0

[Event "Pavlodar Open 2016"]
[Site "Pavlodar, "]
[Date "2016.11.24"]
[Round "5"]
[White "Zubarev, Alexander"]
[Black "Akhmetov, Ayan"]
[Result "1-0"]
[WhiteElo "2508"]
[BlackElo "2305"]
[PlyCount "52"]
[EventDate "2017.??.??"]

1. e4 e6 2. d4 d5 3. Nd2 Nc6 4. Ngf3 Nf6 5. e5 Nd7 6. Be2 Be7 7. Nf1 O-O 8. Ne3
f6 9. exf6 Nxf6 10. O-O Bd6 11. c4 b6 12. a3 a5 13. b3 Bb7 14. Bb2 Bf4 15. g3
Bxe3 16. fxe3 Ne7 17. Ng5 Qd7 18. Qd3 Ne4 19. Nxe4 dxe4 20. Qc3 Nf5 21. d5 Qe7
22. Rf4 exd5 23. Bg4 Nd6 24. Be6+ Kh8 25. Raf1 Rxf4 26. Rxf4 Rf8 1-0

[Event "Pavlodar Open 2016"]
[Site "Pavlodar, "]
[Date "2016.11.25"]
[Round "6"]
[White "Zablotsky, Sergei"]
[Black "Urazayev, Arystanbek"]
[Result "1-0"]
[WhiteElo "2518"]
[BlackElo "2314"]
[PlyCount "72"]
[EventDate "2017.??.??"]

1. e4 e5 2. Nf3 d6 3. d4 exd4 4. Nxd4 Nf6 5. Nc3 Be7 6. Bf4 O-O 7. Qd2 d5 8.
Ndb5 Bb4 9. O-O-O c6 10. Nc7 Nxe4 11. Qd4 Bc5 12. Qxe4 Qxc7 13. Bxc7 dxe4 14.
Nxe4 Bb6 15. Bg3 Nd7 16. Bc4 Nc5 17. Nd6 Bg4 18. f3 Bh5 19. Rhe1 Rad8 20. Bh4
Rd7 21. Be7 Rb8 22. g4 Bg6 23. f4 Be4 24. Nxe4 Rxe7 25. Nf6+ Kf8 26. Nxh7+ Ke8
27. Rxe7+ Kxe7 28. Re1+ Kd6 29. Bxf7 Rh8 30. Bg6 Ne6 31. f5 Nf8 32. Nxf8 Rxf8
33. Kd2 Bd4 34. Kd3 Bf6 35. c3 Rh8 36. Bh5 Bg5 1-0

[Event "Pavlodar Open 2016"]
[Site "Pavlodar, "]
[Date "2017.11.23"]
[Round "4"]
[White "Zablotsky, Sergei"]
[Black "Nukin, Tolegen"]
[Result "1-0"]
[WhiteElo "2518"]
[BlackElo "2144"]
[PlyCount "72"]
[EventDate "2017.??.??"]

1. Nf3 c5 2. g3 g6 3. Bg2 Bg7 4. O-O Nc6 5. c4 e5 6. Nc3 Nge7 7. Ne1 d6 8. Nc2
O-O 9. Ne3 Be6 10. d3 Qd7 11. Ned5 Bh3 12. Rb1 Bxg2 13. Kxg2 Nxd5 14. cxd5 Ne7
15. e4 Rac8 16. Bg5 f6 17. Bd2 Kh8 18. Qe2 Rf7 19. b4 b6 20. a4 f5 21. f3 Rcf8
22. a5 Nc8 23. bxc5 dxc5 24. Be3 f4 25. Bg1 h5 26. Rb3 Bh6 27. Qb2 g5 28. axb6
axb6 29. Ne2 Bg7 30. gxf4 exf4 31. d4 g4 32. Qc2 Qd8 33. dxc5 Qh4 34. fxg4
Qxg4+ 35. Kh1 f3 36. Ng3 h4 1-0

[Event "Pavlodar Open 2016"]
[Site "Pavlodar, "]
[Date "2016.11.27"]
[Round "8"]
[White "Vokarev, Sergey"]
[Black "Grebenschikov, Vladimir"]
[Result "1-0"]
[WhiteElo "2454"]
[BlackElo "2162"]
[PlyCount "77"]
[EventDate "2017.??.??"]

1. Nf3 c5 2. g3 b6 3. Bg2 Bb7 4. O-O g6 5. c4 Bg7 6. Nc3 Nc6 7. e3 Nh6 8. b3
O-O 9. Bb2 e5 10. d3 f5 11. Nd5 d6 12. Ne1 Qd7 13. Qd2 Rae8 14. Rd1 Ne7 15.
Nxe7+ Rxe7 16. Bxb7 Qxb7 17. Ng2 Rfe8 18. Rfe1 Nf7 19. f4 d5 20. Qc2 d4 21.
exd4 exd4 22. Rxe7 Rxe7 23. Re1 Nd8 24. Bc1 Kf7 25. Bd2 Bh6 26. Qd1 Ne6 27. Kf2
b5 28. cxb5 Qxb5 29. Qc2 a5 30. Rc1 Ra7 31. Qc4 Qxc4 32. Rxc4 Bf8 33. Ne1 Ke7
34. Nf3 Kd6 35. Ra4 Kc6 36. Rc4 Kd5 37. Ra4 Kc6 38. Ne5+ Kb5 39. Nc4 1-0

[Event "Pavlodar Open 2016"]
[Site "Pavlodar, "]
[Date "2016.11.28"]
[Round "9"]
[White "Urazayev, Arystanbek"]
[Black "Komov, Roman"]
[Result "1-0"]
[WhiteElo "2314"]
[BlackElo "2167"]
[PlyCount "83"]
[EventDate "2016.??.??"]

1. e4 c5 2. Nf3 e6 3. d4 cxd4 4. Nxd4 a6 5. Bd3 Ne7 6. O-O Nbc6 7. Nxc6 Nxc6 8.
Qg4 Ne5 9. Qg3 Nxd3 10. cxd3 d6 11. Nd2 h5 12. a4 h4 13. Qe3 Rb8 14. Nc4 b5 15.
axb5 axb5 16. Na5 Bd7 17. Bd2 h3 18. g3 Rh5 19. Rfc1 Rc5 20. Nb3 Rxc1+ 21. Rxc1
Rc8 22. Ba5 Rxc1+ 23. Qxc1 Qc8 24. Qxc8+ Bxc8 25. f4 e5 26. f5 d5 27. Kf2 Bb7
28. Kf3 Kd7 29. Bb6 Bb4 30. Bc5 dxe4+ 31. dxe4 Bxc5 32. Nxc5+ Kc7 33. Nxb7 Kxb7
34. b4 Kc7 35. Kg4 Kd6 36. Kxh3 Ke7 37. Kg4 Kf8 38. f6 g6 39. Kg5 Kg8 40. Kh6
Kh8 41. h4 Kg8 42. g4 1-0

[Event "Pavlodar Open 2016"]
[Site "Pavlodar, "]
[Date "2016.11.28"]
[Round "9"]
[White "Tologontegin, Semetey"]
[Black "Kostenko, Petr"]
[Result "1-0"]
[WhiteElo "2373"]
[BlackElo "2465"]
[PlyCount "131"]
[EventDate "2016.??.??"]

1. Nf3 Nf6 2. g3 b5 3. e3 a6 4. Bg2 Bb7 5. O-O e6 6. b3 Be7 7. Bb2 O-O 8. c4 c5
9. d4 cxd4 10. exd4 d6 11. Nbd2 Nbd7 12. Qe2 Re8 13. Rfe1 Rb8 14. Rab1 Bf8 15.
Qd3 Qa5 16. Qc2 Rec8 17. Bc3 Qc7 18. Rbc1 Ba8 19. h3 g6 20. Qd3 Bh6 21. Rc2 Qa7
22. Bb2 Bg7 23. Bc3 Bc6 24. Rcc1 Bh6 25. Rc2 d5 26. Ne5 dxc4 27. bxc4 Bxg2 28.
Kxg2 bxc4 29. Ndxc4 Bf8 30. Bd2 Nd5 31. Qf3 f6 32. Nxd7 Qxd7 33. Qe4 Bb4 34.
Rec1 Rxc4 35. Rxc4 Bxd2 36. R4c2 Bh6 37. Rc6 Re8 38. R1c4 a5 39. Ra6 Qb7 40.
Rxe6 Ne3+ 41. Kf3 Qxe4+ 42. Rxe4 Nxc4 43. Rxe8+ Bf8 44. Rc8 Nb6 45. Rb8 Nc4 46.
Ke4 f5+ 47. Kd3 Nd6 48. f3 Nf7 49. Ra8 Ng5 50. Rxa5 Nxf3 51. Ra8 Kf7 52. a4 Bd6
53. a5 Bxg3 54. a6 Nxd4 55. Kxd4 Kg7 56. Ke3 Kh6 57. Rc8 Bh2 58. Kf3 Bg1 59.
Rc7 g5 60. a7 Bxa7 61. Rxa7 Kg6 62. Ra6+ Kg7 63. h4 h6 64. hxg5 hxg5 65. Ke3
Kf7 66. Kd4 1-0

[Event "Pavlodar Open 2016"]
[Site "Pavlodar, "]
[Date "2016.11.24"]
[Round "5"]
[White "Tokhirjonova, Gulrukhbegim"]
[Black "Nevostrujev, Vladimir"]
[Result "1-0"]
[WhiteElo "2286"]
[BlackElo "2406"]
[PlyCount "75"]
[EventDate "2017.??.??"]

1. e4 c5 2. Nf3 d6 3. d4 cxd4 4. Nxd4 Nf6 5. Nc3 a6 6. h3 e5 7. Nde2 Be6 8. g4
h6 9. Bg2 Nbd7 10. Be3 Rc8 11. a4 g6 12. Qd2 Qa5 13. O-O h5 14. g5 Ng8 15. f4
Ne7 16. Rf2 Qb4 17. Raf1 Bc4 18. f5 Bxe2 19. Qxe2 Qxb2 20. Nd5 Nxd5 21. exd5
Be7 22. fxg6 fxg6 23. Be4 Kd8 24. Bxg6 Rc3 25. Rf7 Qa3 26. Bd3 Qxa4 27. Qf2 e4
28. Bd4 Rg8 29. Bxc3 exd3 30. Rxe7 Rxg5+ 31. Kh2 dxc2 32. Rxd7+ Kxd7 33. Qf7+
Kc8 34. Qf8+ Kc7 35. Qe7+ Qd7 36. Ba5+ b6 37. Bxb6+ Kc8 38. Rf8+ 1-0

[Event "Pavlodar Open 2016"]
[Site "Pavlodar, "]
[Date "2016.11.22"]
[Round "2"]
[White "Suleymenov, Alisher"]
[Black "Gabrielian, Artur"]
[Result "1-0"]
[WhiteElo "2277"]
[BlackElo "2523"]
[PlyCount "46"]
[EventDate "2017.??.??"]

1. d4 Nf6 2. c4 g6 3. Nc3 d5 4. Nf3 Bg7 5. Bf4 O-O 6. Rc1 dxc4 7. e4 Bg4 8.
Bxc4 c6 9. Be3 Nfd7 10. h3 Bxf3 11. Qxf3 Nb6 12. Bb3 a5 13. a3 a4 14. Ba2 e6
15. O-O N8d7 16. Rfd1 Qe7 17. d5 e5 18. Rd2 Rfe8 19. d6 Qf6 20. Qg4 Rec8 21.
Rd3 Kh8 22. Bxb6 Nxb6 23. d7 Rc7 1-0

[Event "Pavlodar Open 2016"]
[Site "Pavlodar, "]
[Date "2016.11.25"]
[Round "6"]
[White "Suleymenov, Alisher"]
[Black "Babujian, Levon"]
[Result "1-0"]
[WhiteElo "2277"]
[BlackElo "2461"]
[PlyCount "79"]
[EventDate "2017.??.??"]

1. d4 Nf6 2. c4 e6 3. Nf3 d5 4. g3 dxc4 5. Bg2 Be7 6. O-O O-O 7. Qc2 a6 8. a4
Bd7 9. Qxc4 Bc6 10. Bg5 a5 11. Nc3 Na6 12. Bxf6 Bxf6 13. e4 Nb4 14. Rad1 Qb8
15. Rfe1 Rd8 16. Nb5 Bd7 17. b3 c6 18. Nc3 Be8 19. h4 Nc2 20. Re2 b5 21. Qc5
Nb4 22. e5 Na6 23. Qa3 b4 24. Qc1 Be7 25. Ne4 Ra7 26. Rc2 Nc7 27. h5 h6 28. Nh2
Qb6 29. Rc4 Nd5 30. Ng4 Bf8 31. Nef6+ Kh8 32. Bxd5 cxd5 33. Qb1 g6 34. hxg6
fxg6 35. Nxe8 dxc4 36. Qxg6 Qb7 37. Qf6+ Kg8 38. Qxd8 Qf3 39. Ngf6+ Kh8 40. Nc7
1-0

[Event "Pavlodar Open 2016"]
[Site "Pavlodar, "]
[Date "2016.11.28"]
[Round "9"]
[White "Stupak, Kirill"]
[Black "Gabrielian, Artur"]
[Result "1-0"]
[WhiteElo "2562"]
[BlackElo "2523"]
[PlyCount "89"]
[EventDate "2016.??.??"]

1. d4 Nf6 2. c4 g6 3. Nc3 Bg7 4. e4 d6 5. f3 O-O 6. Nge2 c5 7. d5 e6 8. Ng3
exd5 9. cxd5 h5 10. Bg5 Qb6 11. Qd2 Nh7 12. Be3 h4 13. Nge2 Nd7 14. Nf4 Ne5 15.
Be2 Bd7 16. O-O Rae8 17. a3 Qb3 18. Bd1 Qb6 19. Be2 Qb3 20. Rac1 Nc4 21. Bxc4
Qxc4 22. Nd3 Qa6 23. Nf2 f5 24. Bh6 Qb6 25. Bxg7 Kxg7 26. exf5 Bxf5 27. Nce4
Nf6 28. Nxf6 Rxf6 29. Rc4 Qb3 30. Rxh4 Qe3 31. Qxe3 Rxe3 32. Rd1 Rf7 33. Rc4
Rfe7 34. g4 Bd7 35. Rc3 Re2 36. b4 Kh7 37. Ne4 Rb2 38. Rd2 Rb1+ 39. Kf2 cxb4
40. axb4 Bxg4 41. Nxd6 Bh3 42. Kg3 Bd7 43. Rc7 Rg1+ 44. Kf2 Rh1 45. Ne4 1-0

[Event "Pavlodar Open 2016"]
[Site "Pavlodar, "]
[Date "2016.11.26"]
[Round "7"]
[White "Stupak, Kirill"]
[Black "Akhmetov, Ayan"]
[Result "1-0"]
[WhiteElo "2562"]
[BlackElo "2305"]
[PlyCount "85"]
[EventDate "2017.??.??"]

1. d4 d5 2. Nf3 Nf6 3. c4 c6 4. Nc3 dxc4 5. a4 Bf5 6. Ne5 Nbd7 7. Nxc4 Nb6 8.
Ne5 a5 9. f3 e6 10. e4 Bg6 11. Bg5 Bb4 12. Nxg6 hxg6 13. e5 Qd5 14. Kf2 Bxc3
15. bxc3 Nfd7 16. Bd3 f5 17. Qe2 Kf7 18. Rab1 c5 19. Bb5 cxd4 20. Rhd1 Nb8 21.
Rxd4 Qc5 22. Kg3 Nc6 23. Rd6 f4+ 24. Bxf4 Ne7 25. Bd3 Nbd5 26. h3 b6 27. Bd2
Rad8 28. Rb5 Qc7 29. Rxd8 Rxd8 30. c4 Nb4 31. Be4 Nbc6 32. Bxc6 Nf5+ 33. Kh2
Nd4 34. Qe4 Nxc6 35. Be3 Rb8 36. c5 bxc5 37. Rxc5 Rc8 38. Bd2 Qb6 39. Rb5 Qd4
40. Rb7+ Kg8 41. Qxg6 Qxe5+ 42. f4 Qf6 43. Rxg7+ 1-0

[Event "Pavlodar Open 2016"]
[Site "Pavlodar, "]
[Date "2016.11.28"]
[Round "9"]
[White "Saiyn, Zhanat"]
[Black "Khegay, Dmitriy"]
[Result "1-0"]
[WhiteElo "2384"]
[BlackElo "2485"]
[PlyCount "89"]
[EventDate "2016.??.??"]

1. d4 g6 2. c4 Bg7 3. e4 c5 4. d5 d6 5. Nc3 e6 6. Bd3 Ne7 7. Nf3 a6 8. a4 O-O
9. O-O h6 10. h3 g5 11. Re1 Ng6 12. Qb3 Nd7 13. Bf1 Nde5 14. Nxe5 Nxe5 15. a5
Rb8 16. Qb6 Qe7 17. Bd2 g4 18. hxg4 Nxg4 19. Be2 Nxf2 20. Be3 Nh3+ 21. gxh3 Kh8
22. Bf4 Rg8 23. Kh1 Qh4 24. Qxd6 Bf8 25. Qe5+ f6 26. Bg5 Qxh3+ 27. Qh2 Qxh2+
28. Kxh2 hxg5 29. e5 fxe5 30. Bg4 exd5 31. Bxc8 Rxc8 32. Nxd5 Bd6 33. Ra3 Kg7
34. Rb3 Rb8 35. Rb6 Rgd8 36. Kg3 Rd7 37. Kg4 Rf8 38. Rh1 e4 39. Rb3 Bf4 40.
Rbh3 Kf7 41. Kf5 e3 42. Nf6 Ke7 43. Rh7+ Kd6 44. Rxd7+ Kc6 45. Re7 1-0

[Event "Pavlodar Open 2016"]
[Site "Pavlodar, "]
[Date "2016.11.28"]
[Round "10"]
[White "Saiyn, Zhanat"]
[Black "Burmakin, Vladimir"]
[Result "1-0"]
[WhiteElo "2384"]
[BlackElo "2535"]
[PlyCount "81"]
[EventDate "2017.??.??"]

1. Nf3 d5 2. c4 c6 3. g3 Nf6 4. Bg2 Bf5 5. cxd5 cxd5 6. Qb3 Qb6 7. Qxb6 axb6 8.
Nc3 Bd7 9. d3 e6 10. O-O Bc5 11. a3 Nc6 12. Bf4 Nd4 13. Nxd4 Bxd4 14. e3 Bxc3
15. bxc3 b5 16. Bd6 Bc6 17. f4 Kd7 18. Bb4 g6 19. h3 h5 20. Rad1 Ne8 21. e4 Nc7
22. f5 gxf5 23. exf5 e5 24. f6 Rhg8 25. Kh2 Ke6 26. h4 Kd7 27. Rde1 e4 28. dxe4
dxe4 29. Bxe4 Bxe4 30. Rxe4 Nd5 31. Rd4 Kc6 32. c4 Nxb4 33. cxb5+ Kb6 34. Rxb4
Rg6 35. Rbf4 Re8 36. Rf5 Re6 37. Rxh5 Rexf6 38. Rhf5 Rxf5 39. Rxf5 f6 40. a4
Ka5 41. Rf4 1-0

[Event "Pavlodar Open 2016"]
[Site "Pavlodar, "]
[Date "2017.06.11"]
[Round "4"]
[White "Sadubayev, Airat"]
[Black "Matsenko, Andrei"]
[Result "1-0"]
[WhiteElo "2170"]
[BlackElo "2372"]
[PlyCount "43"]
[EventDate "2017.??.??"]

1. e4 c6 2. d4 d5 3. Nd2 dxe4 4. Nxe4 Bf5 5. Ng3 Bg6 6. h4 h6 7. Nf3 Nd7 8. h5
Bh7 9. Bd3 Bxd3 10. Qxd3 e6 11. Bd2 Ngf6 12. O-O-O Be7 13. Kb1 Qb6 14. c4 O-O
15. Bf4 Rfe8 16. Ne4 Nxe4 17. Qxe4 Nf6 18. Qc2 c5 19. g4 Nh7 20. Ne5 cxd4 21.
Bxh6 gxh6 22. Nxf7 1-0

[Event "Pavlodar Open 2016"]
[Site "Pavlodar, "]
[Date "2016.11.22"]
[Round "3"]
[White "Nurzhanov, Timur"]
[Black "Klimenko, Igor"]
[Result "1-0"]
[WhiteElo "2169"]
[BlackElo "2337"]
[PlyCount "116"]
[EventDate "2017.??.??"]

1. d4 Nf6 2. c4 e6 3. Nc3 c5 4. d5 d6 5. e4 Be7 6. Nf3 O-O 7. h3 e5 8. Bd3 h6
9. O-O Nh7 10. Be3 Bg5 11. Nxg5 hxg5 12. a3 Nd7 13. Qd2 g6 14. b4 b6 15. f3 a6
16. Rab1 Ra7 17. bxc5 Nxc5 18. Be2 Bd7 19. Rb2 Qc7 20. Bxg5 Nxg5 21. Qxg5 Kg7
22. f4 f6 23. Qg3 exf4 24. Rxf4 Be8 25. Nd1 Nd7 26. Ne3 Ne5 27. Kh2 Bd7 28. Bg4
b5 29. Bxd7 Qxd7 30. cxb5 axb5 31. Rbf2 Rxa3 32. Nf5+ Qxf5 33. Qxa3 Qd7 34. Rf1
b4 35. Qa6 Qc7 36. Rb1 Qc5 37. Rff1 Rb8 38. Rfc1 Qb6 39. Qxb6 Rxb6 40. Rb3 f5
41. exf5 gxf5 42. Rf1 Kg6 43. Rf4 Rb5 44. Rd4 Rc5 45. Rbxb4 Rc2 46. Rb3 Kg5 47.
Kg3 Nc4 48. Rf3 Nd2 49. h4+ Kf6 50. Rf2 Rc3+ 51. Kh2 Nc4 52. Rf3 Ne3 53. Kh3
Ke5 54. Rdf4 Kxd5 55. Rxf5+ Ke4 56. R5f4+ Ke5 57. Rf8 d5 58. Re8+ Kd4 1-0

[Event "Pavlodar Open 2016"]
[Site "Pavlodar, "]
[Date "2016.11.26"]
[Round "7"]
[White "Nevostrujev, Vladimir"]
[Black "Kvan, Andrey"]
[Result "1-0"]
[WhiteElo "2406"]
[BlackElo "2180"]
[PlyCount "101"]
[EventDate "2017.??.??"]

1. e4 Nc6 2. Nf3 e5 3. Bb5 Nge7 4. O-O g6 5. c3 a6 6. Ba4 Bg7 7. d4 exd4 8.
cxd4 b5 9. Bc2 d6 10. h3 O-O 11. Nc3 Bb7 12. Be3 Na5 13. Qc1 f5 14. Bh6 b4 15.
Bxg7 Kxg7 16. Ng5 Qd7 17. Ba4 Bc6 18. d5 Bxa4 19. Nxa4 Rf6 20. b3 fxe4 21. Qb2
Qf5 22. Nxe4 Nxd5 23. Nxf6 Qxf6 24. Qxf6+ Kxf6 25. Rfd1 c6 26. Rxd5 cxd5 27.
Nb6 Ra7 28. Nxd5+ Ke6 29. Nxb4 Kd7 30. Rc1 Nb7 31. Nd5 Nd8 32. Kf1 Ke6 33. Rc7
Ra8 34. Nb6 Rb8 35. Nd7 Rb7 36. Nf8+ Kf5 37. Rxb7 Nxb7 38. Nxh7 Nc5 39. Ke2 a5
40. Nf8 g5 41. Ke3 Kf6 42. a3 Nxb3 43. Nd7+ Ke6 44. Nb6 d5 45. g3 Kd6 46. h4
gxh4 47. gxh4 Nc5 48. h5 Ne6 49. h6 d4+ 50. Kd2 Nf8 51. Nc4+ 1-0

[Event "Pavlodar Open 2016"]
[Site "Pavlodar, "]
[Date "2016.11.25"]
[Round "6"]
[White "Nevostrujev, Vladimir"]
[Black "Grebenschikov, Vladimir"]
[Result "1-0"]
[WhiteElo "2406"]
[BlackElo "2162"]
[PlyCount "31"]
[EventDate "2017.??.??"]

1. e4 e5 2. Nf3 Nc6 3. Bb5 a6 4. Ba4 b5 5. Bb3 Na5 6. O-O d6 7. d4 exd4 8. Nxd4
Bb7 9. Qe1 Nxb3 10. Nxb3 Ne7 11. a4 bxa4 12. Na5 Bc8 13. Nc3 Bd7 14. e5 d5 15.
Bg5 c6 16. Nb7 1-0

[Event "Pavlodar Open 2016"]
[Site "Pavlodar, "]
[Date "2016.11.23"]
[Round "4"]
[White "Nevostrujev, Vladimir"]
[Black "Golovchuk, Oleg"]
[Result "1-0"]
[WhiteElo "2406"]
[BlackElo "2100"]
[PlyCount "55"]
[EventDate "2017.??.??"]

1. e4 e5 2. Nf3 Nf6 3. Nxe5 d6 4. Nf3 Nxe4 5. d4 d5 6. Bd3 Nc6 7. O-O Be7 8.
Re1 Bg4 9. c4 Nf6 10. Nc3 Bxf3 11. Qxf3 Nxd4 12. Qd1 Ne6 13. cxd5 Nxd5 14. Bb5+
c6 15. Nxd5 cxb5 16. Qb3 O-O 17. Be3 Bc5 18. Rad1 Qa5 19. Bxc5 Nxc5 20. Qh3 Ne6
21. Ne7+ Kh8 22. Rxe6 Rad8 23. Ree1 Rfe8 24. Qh5 Qb4 25. Qxf7 Rf8 26. Qb3 Qc5
27. Re3 Rxd1+ 28. Qxd1 1-0

[Event "Pavlodar Open 2016"]
[Site "Pavlodar, "]
[Date "2016.11.26"]
[Round "7"]
[White "Matsenko, Andrei"]
[Black "Nasybullina, Alfia"]
[Result "1-0"]
[WhiteElo "2372"]
[BlackElo "2190"]
[PlyCount "51"]
[EventDate "2017.??.??"]

1. Nf3 e6 2. c4 d5 3. e3 Nf6 4. Nc3 c6 5. b3 Bd6 6. Bb2 O-O 7. Be2 e5 8. cxd5
cxd5 9. Nb5 Nc6 10. Nxd6 Qxd6 11. d3 h6 12. O-O Bg4 13. a3 a5 14. h3 Bh5 15.
Nh4 Bxe2 16. Qxe2 Rfe8 17. f4 exf4 18. Nf5 Qe6 19. Rxf4 d4 20. Raf1 Nd5 21. Re4
Qf6 22. Nxd4 Nxd4 23. Bxd4 Qc6 24. Rg4 g6 25. Qf2 f5 26. Qxf5 1-0

[Event "Pavlodar Open 2016"]
[Site "Pavlodar, "]
[Date "2016.11.21"]
[Round "1"]
[White "Markov, Mikhail"]
[Black "Muratova, Anel"]
[Result "1-0"]
[WhiteElo "2430"]
[BlackElo "1920"]
[PlyCount "57"]
[EventDate "2017.??.??"]

1. c4 e5 2. g3 Nf6 3. Bg2 c6 4. d4 exd4 5. Qxd4 d5 6. Nc3 Be6 7. cxd5 cxd5 8.
Nf3 Nc6 9. Qa4 Qd7 10. O-O Bc5 11. Bg5 Be7 12. Rfd1 h6 13. Bxf6 Bxf6 14. Nxd5
Bxd5 15. e4 Ne7 16. Qxd7+ Kxd7 17. exd5 Kd6 18. Nd2 Nf5 19. Ne4+ Ke7 20. d6+
Kd8 21. Bh3 Bxb2 22. Rab1 Be5 23. Bxf5 g6 24. Rxb7 gxf5 25. Nc5 Bc3 26. Rxf7
Ke8 27. Re7+ Kf8 28. Ne6+ Kg8 29. d7 1-0

[Event "Pavlodar Open 2016"]
[Site "Pavlodar, "]
[Date "2016.11.28"]
[Round "9"]
[White "Markov, Mikhail"]
[Black "Egorov, Evgeny"]
[Result "1-0"]
[WhiteElo "2430"]
[BlackElo "2361"]
[PlyCount "64"]
[EventDate "2016.??.??"]

1. c4 b6 2. Nf3 Bb7 3. g3 Bxf3 4. exf3 c5 5. d4 cxd4 6. Qxd4 Nc6 7. Qd1 g6 8.
Bd2 Bg7 9. Bc3 Nf6 10. Bg2 Rc8 11. O-O O-O 12. f4 Qc7 13. Na3 Rfd8 14. Re1 Qb8
15. Qa4 e6 16. Rad1 Ne8 17. Bxg7 Nxg7 18. Nb5 Na5 19. Nd6 Rc7 20. c5 Nf5 21. b4
Nc6 22. g4 Nxd6 23. cxd6 Rcc8 24. f5 b5 25. Qb3 Qb6 26. f6 h6 27. Be4 Kh7 28.
Bb1 Rh8 29. h4 Rhe8 30. h5 Nd4 31. Qd3 Rg8 32. hxg6+ fxg6 1-0

[Event "Pavlodar Open 2016"]
[Site "Pavlodar, "]
[Date "2016.11.26"]
[Round "7"]
[White "Markov, Mikhail"]
[Black "Dakhaev, Islam"]
[Result "1-0"]
[WhiteElo "2430"]
[BlackElo "2103"]
[PlyCount "29"]
[EventDate "2017.??.??"]

1. c4 e6 2. Nf3 f5 3. h3 Nf6 4. g4 fxg4 5. hxg4 Nxg4 6. d4 Nf6 7. Bg5 Be7 8.
Qd3 d5 9. Nc3 Nbd7 10. Bxf6 Nxf6 11. Ne5 dxc4 12. Qxc4 Bd6 13. O-O-O O-O 14.
Bh3 Qe7 15. Bf5 1-0

[Event "Pavlodar Open 2016"]
[Site "Pavlodar, "]
[Date "2016.11.27"]
[Round "9"]
[White "Mamyrbay, Assad"]
[Black "Skurygin, Grigoriy"]
[Result "1-0"]
[WhiteElo "2284"]
[BlackElo "2045"]
[PlyCount "73"]
[EventDate "2016.??.??"]

1. e4 c5 2. Nf3 d6 3. d4 cxd4 4. Nxd4 Nf6 5. Nc3 Nc6 6. Bg5 e6 7. Qd2 a6 8.
O-O-O h6 9. Bf4 Ne5 10. Nf5 exf5 11. Bxe5 Be7 12. Bxd6 Bxd6 13. Qxd6 Qxd6 14.
Rxd6 fxe4 15. Bc4 O-O 16. Nd5 Ng4 17. Nb6 Rb8 18. h3 Nf6 19. g4 Re8 20. Rhd1
Kf8 21. Rd8 Ke7 22. Rxe8+ Kxe8 23. Kd2 Be6 24. Bxe6 fxe6 25. Ke3 Ke7 26. Kf4
g5+ 27. Ke5 Rh8 28. Rd6 Kf7 29. Rxe6 Ne8 30. Nd5 h5 31. Re7+ Kg6 32. Rxb7 hxg4
33. hxg4 Rh2 34. Ne7+ Kf7 35. Nf5+ Kf8 36. Ke6 Rxf2 37. Rf7+ 1-0

[Event "Pavlodar Open 2016"]
[Site "Pavlodar, "]
[Date "2016.11.26"]
[Round "7"]
[White "Mamyrbay, Assad"]
[Black "Komov, Roman"]
[Result "1-0"]
[WhiteElo "2284"]
[BlackElo "2167"]
[PlyCount "117"]
[EventDate "2017.??.??"]

1. e4 c5 2. Nf3 e6 3. d4 cxd4 4. Nxd4 a6 5. Bd3 Ne7 6. c4 Nbc6 7. Nb3 g6 8. Nc3
Bg7 9. O-O O-O 10. Bg5 d6 11. Qd2 Qc7 12. Rac1 Nd4 13. Nxd4 Bxd4 14. Be2 Nc6
15. Nd5 exd5 16. cxd5 Qb6 17. dxc6 bxc6 18. b3 Re8 19. Rc4 c5 20. Bf3 Bb7 21.
Qf4 Be5 22. Qh4 a5 23. Rfc1 a4 24. bxa4 Ba6 25. R4c2 Bd3 26. Rd2 c4 27. Be2
Bxe2 28. Rxe2 Rxa4 29. Rec2 c3 30. Be3 Qb4 31. Qh3 Qxe4 32. Qd7 Rea8 33. Bg5
Qf5 34. Qxf5 gxf5 35. Ra1 d5 36. Kf1 Rg4 37. Be7 d4 38. Rd1 Re4 39. Bc5 Ra5 40.
Bb4 Rb5 41. a3 Kg7 42. Rd3 Rh4 43. h3 Kf6 44. g3 Re4 45. f3 Re3 46. Rxe3 dxe3
47. f4 Bb8 48. Rxc3 Rd5 49. Rc6+ Kg7 50. Bc3+ f6 51. Rxf6 Kg8 52. Ra6 Kf7 53.
Ke2 Bd6 54. Kxe3 h5 55. h4 Bc5+ 56. Ke2 Rd6 57. Ra5 Rc6 58. Bb4 Bxb4 59. Rxf5+
1-0

[Event "Pavlodar Open 2016"]
[Site "Pavlodar, "]
[Date "2016.11.24"]
[Round "5"]
[White "Mamyrbay, Assad"]
[Black "Dakhaev, Islam"]
[Result "1-0"]
[WhiteElo "2284"]
[BlackElo "2103"]
[PlyCount "37"]
[EventDate "2017.??.??"]

1. e4 Nf6 2. e5 Nd5 3. d4 d6 4. Nf3 Nc6 5. c4 Nb6 6. e6 fxe6 7. Bd3 g6 8. h4 e5
9. h5 gxh5 10. d5 Nb4 11. Ng5 Nxd3+ 12. Qxd3 e6 13. Qf3 Qe7 14. Qxh5+ Kd7 15.
dxe6+ Kc6 16. Qf3+ d5 17. cxd5+ Nxd5 18. Nc3 Bxe6 19. Be3 1-0

[Event "Pavlodar Open 2016"]
[Site "Pavlodar, "]
[Date "2016.11.25"]
[Round "6"]
[White "Malakhatko, Vadim"]
[Black "Tokhirjonova, Gulrukhbegim"]
[Result "1-0"]
[WhiteElo "2504"]
[BlackElo "2286"]
[PlyCount "129"]
[EventDate "2017.??.??"]

1. c4 c6 2. Nf3 d5 3. e3 Nf6 4. Nc3 Bg4 5. h3 Bxf3 6. Qxf3 e5 7. cxd5 cxd5 8.
g4 h6 9. Bg2 e4 10. Qd1 Nc6 11. O-O Bb4 12. d3 Bxc3 13. bxc3 O-O 14. dxe4 dxe4
15. Ba3 Re8 16. Qxd8 Raxd8 17. Rfd1 Kh7 18. c4 Kg6 19. Bb2 Nd7 20. Rd5 Nb6 21.
Rxd8 Nxd8 22. Rc1 Na4 23. Ba3 b6 24. c5 Nxc5 25. Bxc5 bxc5 26. Rxc5 Re7 27. h4
Nb7 28. h5+ Kh7 29. Rd5 g6 30. hxg6+ fxg6 31. Kh2 g5 32. Kg3 Kg6 33. Rd4 Nc5
34. Rd6+ Kg7 35. Rc6 Nb7 36. Bf1 Nd8 37. Ra6 Nf7 38. Bc4 Ne5 39. Be6 Ng6 40.
Bf5 Ne5 41. Ra4 Nd3 42. Rc4 Nb2 43. Rc3 Na4 44. Rc6 Nb6 45. Be6 Nd7 46. Rc7
Rxe6 47. Rxd7+ Kg6 48. Rxa7 Rc6 49. Ra4 Rc2 50. Ra6+ Kg7 51. a4 Ra2 52. a5 Ra1
53. Ra7+ Kg6 54. Ra8 Rg1+ 55. Kh2 Ra1 56. a6 Kh7 57. a7 Kg7 58. Kg2 Ra2 59. Kg3
Ra3 60. f3 Kh7 61. fxe4 Rxe3+ 62. Kf2 Ra3 63. e5 Ra6 64. e6 Rxe6 65. Rb8 1-0